Low-temperature isolation of disease-suppressive bacteria and characterization of a distinctive group of pseudomonads /
Wedi'i Gadw mewn:
| Prif Awdur: | |
|---|---|
| Awduron Eraill: | |
| Fformat: | Erthygl |
| Iaith: | English |
| Pynciau: | |
| Tagiau: |
Ychwanegu Tag
Dim Tagiau, Byddwch y cyntaf i dagio'r cofnod hwn!
|
| Thư viện lưu trữ: | Thư viện Trường Đại học Đà Lạt |
|---|
| LEADER | 00931nam a2200289 4500 | ||
|---|---|---|---|
| 001 | DLU090092926 | ||
| 005 | ##20091201 | ||
| 040 | # | # | |a DLU |b eng |
| 041 | # | # | |a eng |
| 044 | # | # | |a us |
| 100 | # | # | |a Johansson, P. Maria. |
| 245 | # | # | |a Low-temperature isolation of disease-suppressive bacteria and characterization of a distinctive group of pseudomonads / |c P. Maria Johansson, Sandra A. I. Wright. |
| 653 | # | # | |a Bacteria |
| 653 | # | # | |a Biological control |
| 653 | # | # | |a Isolation |
| 653 | # | # | |a Plant pathogen |
| 700 | # | # | |a Wright, Sandra A. I. |
| 773 | # | # | |t Applied and Environmental Microbiology |g Vol. 69, no. 11 (November 2003), p. 6464-6474 |
| 920 | # | # | |a Phòng Tạp chí -- Trung tâm Thông tin - Thư viện Trường Đại học Đà Lạt |
| 994 | # | # | |a DLU |
| 900 | # | # | |a True |
| 911 | # | # | |a Trương Bảo Trâm Anh |
| 925 | # | # | |a G |
| 926 | # | # | |a A |
| 927 | # | # | |a BB |
| 980 | # | # | |a Thư viện Trường Đại học Đà Lạt |